• 首页
  • 本馆介绍
  • 公告通知
  • 最新文献
  • 馆藏检索
  • 电子资源
  • 读者导购
  • 参考咨询
  • 我的图书馆
  • 登录
  • 详细信息显示
  • 放入我的书架
  • 预约/预借图书
  • 作者相关作品
  • 分类相关作品
  • 丛书相关作品
  • 出版社相关作品

书目信息

  • 表格格式
  • 工作单格式
  • 卡片格式
题名:
统治史
    
 
作者: 芬纳 著 ;王震 , 马百亮 译
分册: 卷一   古代的王权和帝国 —— 从苏美尔到罗马
出版信息: 上海   华东师范大学出版社  2014
页数: 14, 649页
开本: 24cm
丛书名:
单 册:
中图分类: D59
科图分类:
主题词: 政治制度史--zheng zhi zhi du shi--世界 , 政治制度史--zheng zhi zhi du shi--西方国家--古代
电子资源:
ISBN: 978-7-5675-1467-6
000 01439cam 2200313 450
001 340188
005 20150625104256.07
010    @a978-7-5675-1467-6@b精装@dCNY118.00
100    @a20140902d2014 em y0chiy0121 ea
101 1  @achi@ceng
102    @aCN@b310000
105    @ay a 000yy
106    @ar
200 1  @a统治史@Atong zhi shi@h卷一@i古代的王权和帝国 —— 从苏美尔到罗马@d= The history of government from the earliest times@hⅠ@iancient monarchies and empires@f(英) 塞缪尔·E·芬纳著@g王震, 马百亮译@zeng
205    @a第2版@b修订版
210    @a上海@c华东师范大学出版社@d2014
215    @a14, 649页@d24cm
320    @a有书目
330    @a本书是20世纪西方政治学、社会学极有影响的一部巨著。它以各个国家在历史上的政府形态、统治方式和国家社会关系的分析为核心, 主要关注点是世界历史中政府形态的发展。本书是为第一卷, 介绍了从苏美尔时代到罗马帝国崩溃的历史。
500 10 @aHistory of government from the earliest times@hⅠ@iancient monarchies and empires@mChinese
517 1  @a古代的王权和帝国 —— 从苏美尔到罗马@Agu dai de wang quan he di guo —— cong su mei er dao luo ma
606 0  @a政治制度史@Azheng zhi zhi du shi@y世界
606 0  @a政治制度史@Azheng zhi zhi du shi@x西方国家@z古代
690    @aD59@v5
701  1 @a芬纳@Afen na@g(Finer, Samuel Edward),@f1915-1993@4著
702  0 @a王震@Awang zhen@4译
702  0 @a马百亮@Ama bai liang@4译
801  0 @aCN@b卓展宏图@c20150525
905    @dD59@e199:1=2@f4
    
    统治史.卷一.古代的王权和帝国 —— 从苏美尔到罗马= The history of government from the earliest times.Ⅰ.ancient monarchies and empires/(英) 塞缪尔·E·芬纳著/王震, 马百亮译.-第2版,修订版.-上海:华东师范大学出版社,2014
    14, 649页;24cm
    
    
    ISBN 978-7-5675-1467-6(精装):CNY118.00
    本书是20世纪西方政治学、社会学极有影响的一部巨著。它以各个国家在历史上的政府形态、统治方式和国家社会关系的分析为核心, 主要关注点是世界历史中政府形态的发展。本书是为第一卷, 介绍了从苏美尔时代到罗马帝国崩溃的历史。
●
相关链接 在E读中查询图书 在五车中查询图书 在当当中查询图书 在豆瓣中查询图书


正题名:统治史     索取号:D59/199:1=2         预约/预借

序号 登录号 条形码 馆藏地/架位号 状态 备注
1 864674   208646740   第一样本阅览室/ [索取号:D59/199:1=2] 在馆    
2 864675   208646759   第一借阅区/ [索取号:D59/199:1=2] 在馆    
3 864676   208646768   第一借阅区/ [索取号:D59/199:1=2] 在馆    
4 864677   208646777   第一借阅区/ [索取号:D59/199:1=2] 在馆    
唐山师范学院图书馆 欢迎您!
大连网信软件有限公司© 版权所有